[Event "Challenge"]
[Site "http://www.queenalice.com/game.php?id=1619140"]
[Date "2020.7.4"]
[Round "-"]
[White "MADMIKE"]
[Black "papilon_br"]
[Result "1-0"]
[WhiteElo "1832"]
[BlackElo "1890"]

1. d4 d5 2. Nc3 Nc6 3. Bf4 a6 4. e3 e6 5. a3 h6 6. Nf3 Nf6 7. Be2 g6 8. h3 Bg7
9. O-O O-O 10. Ne5 Ne4 11. Nxc6 bxc6 12. Nxe4 dxe4 13. f3 exf3 14. Bxf3 Bb7 15.
c3 g5 16. Bh2 Rb8 17. b4 Qd7 18. Kh1 f5 19. a4 Rfe8 20. e4 f4 21. e5 c5 22. Bxb7
Rxb7 23. bxc5 Rd8 24. Qf3 Rb3 25. c6 Qd5 26. Qxd5 Rxd5 27. Rac1 Ra3 28. Bg1 Rxa4
29. c4 Rda5 30. Rfd1 Rb4 31. Re1 Raa4 32. c5 Rc4 33. Rxc4 Rxc4 34. Ra1 Rb4 35.
Rxa6 Rb8 36. Ra7 Rc8 37. Bf2 Bf8 38. Kh2 Kg7 39. Ra3 Rb8 40. Ra7 Rc8 41. g3
fxg3+ 42. Kxg3 Kg6 43. Kg4 Be7 44. h4 h5+ 45. Kh3 g4+ 46. Kg3 Kf5 47. Be3 Ke4
48. Bf2 Bd8 49. Rb7 Ra8 50. Rb3 Ra6 51. Rb8 Ra3+ 52. Kg2 Be7 53. Re8 Bxh4 54.
Bxh4 Kxd4 55. Rxe6 Kxc5 56. Rh6 Ra6 57. Rxh5 Rxc6 58. e6+ Kb6 59. e7 1-0

[Event "Challenge"]
[Site "http://www.queenalice.com/game.php?id=1619141"]
[Date "2020.7.4"]
[Round "-"]
[White "papilon_br"]
[Black "MADMIKE"]
[Result "1-0"]
[WhiteElo "1875"]
[BlackElo "1844"]

1. e4 e5 2. Nf3 d6 3. Nc3 a6 4. h3 Be7 5. g3 Nf6 6. Bg2 O-O 7. d4 exd4 8. Nxd4
Bd7 9. O-O Nc6 10. a3 Nxd4 11. Qxd4 c5 12. Qd3 Bc6 13. Bg5 b5 14. Bxf6 Bxf6 15.
Rab1 c4 16. Qe3 Re8 17. f4 Qc8 18. Qd2 Bxc3 19. Qxc3 Bxe4 20. Rfe1 d5 21. Qd4
Bxc2 22. Rbc1 Be4 23. Bxe4 dxe4 24. g4 Qc6 25. Rcd1 Rad8 26. Qxd8 h6 27. Qd5
Qb6+ 28. Qd4 Qc7 29. Rxe4 Rxe4 30. Qxe4 g6 31. Qe8+ Kg7 32. Rd7 Qc5+ 33. Kf1 1-0

[Event "Let's Play Chess!"]
[Site "http://www.queenalice.com/game.php?id=1619739"]
[Date "2020.7.12"]
[Round "-"]
[White "papilon_br"]
[Black "igorjava"]
[Result "1-0"]
[WhiteElo "1848"]
[BlackElo "1960"]

1. e4 c5 2. Nc3 Nc6 3. Nf3 d6 4. d4 cxd4 5. Nxd4 Nf6 6. Bb5 Bd7 7. Bxc6 bxc6 8.
Bg5 e5 9. Nf3 h6 10. Bxf6 Qxf6 11. Qd2 Qd8 12. O-O-O Be6 13. g3 Bg4 14. Qe3 Qf6
15. Rd3 Qd8 16. h3 Be6 17. Nxe5 Qc7 18. Ng4 h5 19. Nh2 a5 20. Nf3 a4 21. a3 f6
22. Kb1 Qb7 23. Nd4 Bc4 24. Rdd1 Kf7 25. Nf5 d5 26. exd5 cxd5 27. Na2 g6 28. Nd4
Re8 29. Qc3 Bg7 30. Qb4 Qd7 31. Nc3 Ra8 32. Ndb5 Rhb8 33. Nd6+ Kg8 34. Qc5 Bf8
35. Nxd5 Bxd5 36. Rxd5 Qe6 37. Rhd1 Ra6 38. Qc7 Bxd6 39. Rxd6 Rxd6 40. Rxd6 Rc8
41. Rxe6 Rxc7 42. Rxf6 Kg7 43. Rf3 g5 44. h4 Kg6 45. hxg5 Kxg5 46. Kc1 Rd7 47.
Rf4 Ra7 48. c4 Ra5 49. Rd4 Kf5 50. Rd5+ Rxd5 51. cxd5 Ke5 52. Kd2 Kxd5 53. Kd3
Ke5 54. f3 Kd5 55. Kc3 Kc5 56. b3 axb3 57. Kxb3 Kd4 58. a4 Ke3 59. f4 Kf3 60. f5
Kxg3 61. f6 h4 62. f7 h3 63. f8=Q h2 64. Qg7+ Kf2 65. Qb2+ Kg1 66. Qxh2+ 1-0

[Event "18 Jul 2020 19:09"]
[Site "http://www.queenalice.com/game.php?id=1620934"]
[Date "2020.7.19"]
[Round "-"]
[White "zubarev"]
[Black "papilon_br"]
[Result "0-1"]
[WhiteElo "1743"]
[BlackElo "1873"]

1. a3 e5 2. e4 Nf6 3. Nc3 Nc6 4. d3 d5 5. exd5 Nxd5 6. Nxd5 Qxd5 7. Ne2 h6 8.
Ng3 Be6 9. Ne4 O-O-O 10. Be2 f5 11. Nc3 Qxg2 12. Rf1 f4 13. Ne4 Bh3 14. f3 Qxh2
15. Kd2 Bxf1 16. Qxf1 Nd4 17. c3 Nxe2 18. Qxe2 Qxe2+ 19. Kxe2 b6 20. Bd2 Bd6 21.
Rg1 g5 22. Nxd6+ Rxd6 23. Rd1 h5 24. Be1 h4 25. c4 c5 26. Bc3 Re6 27. Kf2 Kd7
28. Re1 Kd6 29. Re4 h3 30. Re1 h2 31. Rh1 Reh6 32. b4 Rh3 33. Kg2 Rg3+ 34. Kf2
g4 35. fxg4 Rxg4 36. Kf3 Rg1 0-1

[Event "Filmes e Séries"]
[Site "http://www.queenalice.com/game.php?id=1620935"]
[Date "2020.7.19"]
[Round "-"]
[White "papilon_br"]
[Black "zubarev"]
[Result "0-1"]
[WhiteElo "1884"]
[BlackElo "1705"]

1. e4 e5 2. Nf3 Nc6 3. Nc3 d6 4. d4 exd4 5. Nxd4 Nxd4 6. Qxd4 Nf6 7. h3 Be7 8.
Be3 O-O 9. O-O-O Be6 10. Bc4 Bxc4 11. Qxc4 Qd7 12. Nd5 Nxd5 13. exd5 Rac8 14. b3
Bf6 15. g4 Qe7 16. Rde1 Qe5 17. c3 Qxc3+ 18. Qxc3 Bxc3 19. Rd1 Rfe8 20. Rd3 Bf6
21. Rhd1 Re4 22. f3 Re7 23. Kb1 Rce8 24. Bd4 Bxd4 25. Rxd4 Re3 26. R1d3 Rxd3 27.
Rxd3 Re2 28. h4 Kf8 29. Rc3 Rd2 30. Rxc7 Rxd5 31. Rxb7 Ra5 32. Rd7 Rd5 33. Rxa7
Rd3 34. f4 Rd2 35. Ra4 Ke7 36. Re4+ Kf6 37. a4 d5 38. Rb4 Ke6 39. a5 d4 40. a6
d3 41. Rd4 Rc2 42. a7 Rc8 43. Rxd3 Ra8 44. Re3+ Kd7 45. Rd3+ Kc6 46. Rc3+ Kd7
47. b4 Rxa7 48. Kb2 g6 49. Rc5 Ke6 50. Kc3 Ra1 51. Re5+ Kd6 52. Kc4 Rc1+ 53. Kb5
f6 54. Re4 Rg1 55. g5 f5 56. Rd4+ Kc7 57. Rc4+ Kb7 58. Rc6 Rg4 59. Rf6 Rxf4 60.
Rf7+ Kc8 61. Rxh7 Rd4 62. Rh6 Kd7 63. Rxg6 Rxh4 64. Rf6 f4 65. Kc5 Rg4 66. Rf5
Ke6 67. Rd5 f3 68. Rd1 Rxg5+ 69. Kc4 Ke5 70. Rf1 Kf4 71. Kd3 Kg3 72. Ke3 Re5+
73. Kd4 Re2 74. Kd3 Re8 75. Kd2 Kg2 76. Re1 Rxe1 77. Kxe1 f2+ 78. Ke2 f1=Q+ 79.
Ke3 Qb5 0-1

[Event "jay dee"]
[Site "http://www.queenalice.com/game.php?id=1624733"]
[Date "2020.8.23"]
[Round "-"]
[White "papilon_br"]
[Black "zubarev"]
[Result "1-0"]
[WhiteElo "1861"]
[BlackElo "1705"]

1. e4 e5 2. Nf3 Nc6 3. Bb5 d6 4. d4 Bd7 5. d5 Nce7 6. Nc3 Nf6 7. Bxd7+ Qxd7 8.
Bg5 O-O-O 9. Bxf6 gxf6 10. Qe2 h5 11. h3 Kb8 12. O-O-O f5 13. Ng5 Ng6 14. h4 f4
15. f3 f6 16. Ne6 Re8 17. b3 Bh6 18. Kb1 Nf8 19. Qb5 Qxb5 20. Nxb5 Nxe6 21. dxe6
Rxe6 22. Rd3 Rg8 23. Rg1 Rg3 24. Nc3 Re8 25. Nd5 Rf8 26. c4 c6 27. Ne7 Kc7 28.
c5 dxc5 29. Rgd1 Rxg2 30. Rd7+ Kb6 31. Nd5+ cxd5 32. R1xd5 Rf2 33. R5d6+ Ka5 34.
Rxb7 Rxf3 35. Rxa7+ Kb4 36. Ra4+ Kb5 37. Rc4 Rf2 38. a4+ Ka5 39. Rxc5+ Kb4 40.
Rc4+ Ka3 41. a5 Rf1+ 42. Kc2 Rc1+ 43. Kxc1 f3+ 44. Kc2 Rg8 45. Ra4# 1-0

[Event "23 Ago 2020 09:18"]
[Site "http://www.queenalice.com/game.php?id=1624734"]
[Date "2020.8.23"]
[Round "-"]
[White "zubarev"]
[Black "papilon_br"]
[Result "1-0"]
[WhiteElo "1697"]
[BlackElo "1871"]

1. a3 e5 2. e4 Nf6 3. Nc3 a6 4. d3 Nc6 5. Nf3 d6 6. Be2 g6 7. O-O Bg7 8. Nd5 Be6
9. Bg5 h6 10. Bxf6 Bxf6 11. Nxf6+ Qxf6 12. c3 h5 13. Rc1 O-O 14. d4 exd4 15.
Nxd4 Ne5 16. Nxe6 Qxe6 17. Qd5 c6 18. Qxe6 fxe6 19. f4 Nd7 20. Rcd1 d5 21. exd5
exd5 22. Bd3 Kg7 23. Rde1 Nc5 24. Bc2 Rf7 25. b4 Nd7 26. Re6 Nb6 27. Rxg6+ Kf8
28. Rh6 Ke7 29. Rxh5 Raf8 30. Rh7 Rxh7 31. Bxh7 Nc4 32. Re1+ Kd6 33. g3 Nxa3 34.
h4 Nc4 35. h5 Nd2 36. Kf2 Rh8 37. Bg6 Ne4+ 38. Bxe4 dxe4 39. g4 Kd5 40. Ke3 Rh6
41. Rd1+ Kc4 42. Kxe4 Kxc3 43. Kf5 Kxb4 44. Kg5 Rh8 45. h6 c5 46. f5 c4 47. f6
c3 48. Kg6 c2 49. Rc1 1-0

[Event "Let's Play Chess!"]
[Site "http://www.queenalice.com/game.php?id=1626493"]
[Date "2020.9.11"]
[Round "-"]
[White "igorjava"]
[Black "papilon_br"]
[Result "0-1"]
[WhiteElo "1906"]
[BlackElo "1874"]

1. e4 e5 2. f4 exf4 3. Nf3 d6 4. Bc4 h6 5. d4 Bg4 6. Bxf4 Nf6 7. Nbd2 Na6 8. c3
Qd7 9. Bxa6 bxa6 10. O-O g5 11. Bg3 Bg7 12. e5 dxe5 13. Bxe5 O-O 14. c4 Rfd8 15.
Qc2 Bxf3 16. Rxf3 Ng4 17. Bxg7 Kxg7 18. d5 c6 19. Rd3 Ne5 20. Qc3 f6 21. Rd4
cxd5 22. Rxd5 Qc6 23. Rxd8 Rxd8 24. b4 Rd3 25. Qc2 Qd6 26. Ne4 Qd4+ 27. Nf2
Qxa1+ 0-1

[Event "Let's Play Chess!"]
[Site "http://www.queenalice.com/game.php?id=1626494"]
[Date "2020.9.11"]
[Round "-"]
[White "papilon_br"]
[Black "igorjava"]
[Result "1-0"]
[WhiteElo "1867"]
[BlackElo "1921"]

1. e4 c5 2. Nc3 d6 3. Nf3 Nf6 4. d4 cxd4 5. Nxd4 e5 6. Bb5+ Bd7 7. Bxd7+ Qxd7 8.
Ndb5 a6 9. Na3 Nc6 10. Nc4 Qc7 11. Bg5 Be7 12. Bxf6 gxf6 13. Qe2 O-O-O 14. a3
Nd4 15. Qd3 b5 16. Ne3 h5 17. O-O-O Kb8 18. Ncd5 Qb7 19. h4 Rd7 20. Nf5 Nxf5 21.
exf5 Qc6 22. Nxe7 Rxe7 23. Qxd6+ Qxd6 24. Rxd6 Kb7 25. Rxf6 Rh7 26. Rd1 Rc7 27.
Rdd6 a5 28. Rb6+ Kc8 29. Rxb5 e4 30. Rxa5 Rg7 31. g3 e3 32. fxe3 Rxg3 33. Rd6
Rg2 34. Rd2 Rg1+ 35. Rd1 Rg2 36. c3 Rb7 37. Rc5+ Kb8 38. Rd8+ Ka7 39. b4 Re7 40.
Ra5+ Kb7 41. Rd3 f6 42. Rad5 Kc7 43. a4 Rh2 44. R5d4 Rg7 45. a5 Rgg2 46. Rd7+
Kc8 47. Rd2 Rh1+ 48. Rd1 Rhh2 49. R7d2 Rxd2 50. Rxd2 Rxh4 51. Rd6 Re4 52. Rxf6
Rxe3 53. Kd2 Rf3 54. a6 Kb8 55. b5 h4 56. Rh6 h3 57. c4 Rf2+ 58. Ke1 Rxf5 59.
Rxh3 Rf4 60. Rc3 Ka7 61. Kd2 Rd4+ 62. Ke3 Rd1 63. Ke4 Kb6 64. Ra3 Rd8 65. Rd3
Rc8 66. Rd6+ Kc5 67. Rc6+ Rxc6 68. bxc6 Kxc6 69. c5 Kc7 70. Kd5 1-0

[Event "AUTO-OPEN-4170"]
[Site "http://www.queenalice.com/game.php?id=1632846"]
[Date "2020.11.13"]
[Round "2"]
[White "josebaron"]
[Black "papilon_br"]
[Result "1-0"]
[WhiteElo "2492"]
[BlackElo "1869"]

1. e4 e5 2. Bc4 Nf6 3. Nc3 a6 4. Nf3 Nc6 5. O-O h6 6. d4 exd4 7. Nxd4 Nxd4 8.
Qxd4 d6 9. e5 dxe5 10. Qxe5+ Qe7 11. Qg3 Be6 12. Re1 O-O-O 13. Bxe6+ fxe6 14.
Qe3 Re8 15. Qa7 Nd7 16. Qa8+ Nb8 17. Be3 b6 18. Rad1 Qb4 19. Rd4 Qxb2 20. Rc4
Kd7 21. Qb7 Rc8 22. Rd1+ Bd6 23. Bf4 Qa3 24. Ne4 Kd8 25. Bxd6 cxd6 26. Rxc8# 1-0

[Event "AUTO-OPEN-4170"]
[Site "http://www.queenalice.com/game.php?id=1632847"]
[Date "2020.11.13"]
[Round "2"]
[White "papilon_br"]
[Black "josebaron"]
[Result "0-1"]
[WhiteElo "1871"]
[BlackElo "2495"]

1. e4 e5 2. Nf3 d6 3. d4 exd4 4. Nxd4 Nf6 5. Nc3 Be7 6. g3 c5 7. Nf3 Nc6 8. Bg2
Kf8 9. Bg5 h6 10. Bxf6 Bxf6 11. a3 Bxc3+ 12. bxc3 Qf6 13. O-O Bg4 14. h3 Bxf3
15. Bxf3 Rd8 16. Bg2 Qxc3 17. Qd3 Qxd3 18. cxd3 b5 19. Rab1 Nd4 20. Rb2 Ke7 21.
f4 a5 22. g4 a4 23. h4 Rb8 24. e5 b4 25. axb4 cxb4 26. exd6+ Kxd6 27. Rc1 a3 28.
Rf2 Rhc8 29. Rxc8 Rxc8 30. Bb7 Rc1+ 31. Kg2 Rc2 0-1

[Event "AUTO-OPEN-4170"]
[Site "http://www.queenalice.com/game.php?id=1632852"]
[Date "2020.11.13"]
[Round "2"]
[White "MarcosT"]
[Black "papilon_br"]
[Result "1-0"]
[WhiteElo "1901"]
[BlackElo "1869"]

1. e4 e5 2. Nf3 Nc6 3. Bc4 h6 4. a3 Nf6 5. Nc3 d6 6. d3 a6 7. Be3 Bg4 8. Qd2
Bxf3 9. gxf3 Nd4 10. O-O-O Nxf3 11. Qe2 Nd4 12. Qf1 g6 13. f4 Ng4 14. Bxd4 exd4
15. Qe2 dxc3 16. Qxg4 cxb2+ 17. Kxb2 Bg7+ 18. c3 Qf6 19. e5 dxe5 20. fxe5 Qf5
21. Qg2 O-O-O 22. Rhf1 Qxe5 23. d4 Qe7 24. Rxf7 Qg5 25. Qh1 Rd7 26. Bxa6 Rxf7
27. Qxb7+ Kd7 28. Bb5+ Ke7 29. Qxc7+ Ke6 30. Re1+ Be5 31. Rxe5+ Qxe5 32. Qxe5#
1-0

[Event "AUTO-OPEN-4170"]
[Site "http://www.queenalice.com/game.php?id=1632853"]
[Date "2020.11.13"]
[Round "2"]
[White "papilon_br"]
[Black "MarcosT"]
[Result "0-1"]
[WhiteElo "1885"]
[BlackElo "1877"]

1. e4 c5 2. Nc3 g6 3. Nf3 Bg7 4. d3 Nc6 5. g3 d6 6. Bg2 Bg4 7. a3 Nd4 8. O-O Nf6
9. h3 Nxf3+ 10. Bxf3 Bxh3 11. Bg2 Qd7 12. Bg5 h6 13. Bxf6 Bxf6 14. Rb1 Bd4 15.
Qf3 h5 16. Nd5 Bxg2 17. Kxg2 h4 18. Rh1 h3+ 19. Kg1 O-O-O 20. Qxf7 Bxf2+ 21.
Qxf2 Rdf8 22. Qe3 Qg4 23. Nxe7+ Kb8 24. Rf1 Rxf1+ 25. Kxf1 Qd1+ 26. Qe1 Rf8+ 27.
Nf5 Qf3+ 28. Kg1 Qg2# 0-1

[Event "Challenge"]
[Site "http://www.queenalice.com/game.php?id=1634984"]
[Date "2020.12.1"]
[Round "-"]
[White "papilon_br"]
[Black "jorm"]
[Result "0-1"]
[WhiteElo "1851"]
[BlackElo "1808"]

1. e4 e5 2. Nf3 Nc6 3. Nc3 a6 4. a3 h6 5. d4 exd4 6. Nxd4 Nge7 7. g3 Nxd4 8.
Qxd4 c6 9. Bg2 Ng6 10. Be3 d6 11. Qb6 Be7 12. O-O-O Qd7 13. f4 O-O 14. e5 d5 15.
Bc5 Bxc5 16. Qxc5 Qc7 17. Nxd5 Qb8 18. Nb6 Qa7 19. b4 Bg4 20. Rd2 Rae8 21. h3
Be6 22. Rf1 Ne7 23. Nd7 Qxc5 24. bxc5 Bxd7 25. Rxd7 Nd5 26. Rxb7 Rc8 27. Bxd5
cxd5 28. Rb6 Rxc5 29. Rxa6 Rd8 30. Rd1 Rc3 31. Rd3 Rc4 32. Rd6 Rxd6 33. exd6 Kf8
34. Rxd5 Ke8 35. Kb2 Kd7 36. Kb3 Re4 37. Rd3 f5 38. c4 g5 39. fxg5 f4 40. gxf4
Rxf4 41. gxh6 Rh4 42. c5 Rxh6 43. a4 Rh8 44. Kc4 Rh4+ 45. Kb5 Rh5 46. a5 Rh8 47.
Re3 Rb8+ 48. Ka6 Kc6 49. Rc3 Ra8# 0-1

[Event "Let's Play Chess!"]
[Site "http://www.queenalice.com/game.php?id=1635510"]
[Date "2020.12.7"]
[Round "-"]
[White "papilon_br"]
[Black "charles31"]
[Result "1-0"]
[WhiteElo "1854"]
[BlackElo "1715"]

1. e4 e5 2. Nf3 d6 3. h3 a6 4. Nc3 Nf6 5. d4 exd4 6. Nxd4 Bd7 7. Bg5 Be7 8. Bxf6
Bxf6 9. Be2 Bxd4 10. Qxd4 O-O 11. O-O-O Nc6 12. Qd3 Qf6 13. Bf3 Be6 14. a3 Ne5
15. Qd4 Rad8 16. Qe3 b5 17. Nd5 Bxd5 18. Rxd5 c6 19. Rdd1 Nxf3 20. Qxf3 Qxf3 21.
gxf3 Rfe8 22. Rd3 Re5 23. Rhd1 Re6 24. f4 g6 25. e5 d5 26. b3 f5 27. c4 bxc4 28.
bxc4 a5 29. cxd5 cxd5 30. Rxd5 Rxd5 31. Rxd5 a4 32. Rd4 Ra6 33. f3 h6 34. Kc2
Kf7 35. Kc3 Ke6 36. Kc4 Rb6 37. Rd6+ Rxd6 38. exd6 Kxd6 39. Kb4 g5 40. fxg5 hxg5
41. Kxa4 Kc5 42. Kb3 Kb5 43. a4+ Kc5 44. Kc3 1-0

[Event "Let's Play Chess!"]
[Site "http://www.queenalice.com/game.php?id=1635534"]
[Date "2020.12.7"]
[Round "-"]
[White "igorjava"]
[Black "papilon_br"]
[Result "1-0"]
[WhiteElo "1982"]
[BlackElo "1833"]

1. e4 e5 2. f4 exf4 3. Nf3 Nc6 4. d4 d5 5. e5 Bg4 6. Be2 Bxf3 7. Bxf3 Nge7 8.
Bxf4 Nf5 9. c3 Qh4+ 10. g3 Qe7 11. O-O O-O-O 12. Bg4 Qe6 13. Qd3 g6 14. Bg5 Nce7
15. Bh3 Qa6 16. Qxa6 bxa6 17. Bxf5+ gxf5 18. Bxe7 Bxe7 19. Rxf5 Rdf8 20. Nd2
Rhg8 21. Raf1 Rg7 22. e6 f6 23. Rxd5 Bd6 24. Rdf5 Rg6 25. Ne4 Be7 26. h4 Rg4 27.
Kh2 Rxe4 28. d5 Re5 29. g4 Bd6 30. Kh1 Rxf5 31. Rxf5 Be5 32. g5 Kd8 33. gxf6
Bxf6 34. c4 Ke7 35. b3 Bxh4 36. Rh5 Bf2 37. Rxh7+ Kd6 38. Rd7+ Ke5 39. Rxc7 Bb6
40. Rf7 Re8 41. Kg2 Bc5 42. Kf3 Rf8 43. Rxf8 Bxf8 44. Ke3 Bc5+ 45. Kd3 Bb4 46.
Kc2 a5 47. Kb2 Kf6 48. a3 Bd6 49. a4 Bb4 50. Kc2 Ke5 51. Kd3 a6 52. Ke3 Bc5+ 53.
Kd3 Bb4 54. Ke3 Be7 55. Kd3 Bc5 56. Kc3 Ke4 57. Kd2 Kd4 58. Ke2 Kc3 59. Kf3 Kxb3
60. Ke4 Kxc4 61. Ke5 Bf8 62. d6 Kc5 63. e7 1-0

[Event "Let's Play Chess!"]
[Site "http://www.queenalice.com/game.php?id=1635749"]
[Date "2020.12.7"]
[Round "-"]
[White "papilon_br"]
[Black "igorjava"]
[Result "0-1"]
[WhiteElo "1864"]
[BlackElo "1951"]

1. e4 c5 2. Nc3 d6 3. Nf3 Nf6 4. d4 cxd4 5. Nxd4 e5 6. Nf3 Bg4 7. Be2 Be7 8. Be3
Nc6 9. h3 Bxf3 10. Bxf3 a6 11. b3 b5 12. Qd2 Qc7 13. O-O-O O-O 14. Nd5 Nxd5 15.
exd5 Na5 16. Bg5 f6 17. Be3 Nb7 18. h4 a5 19. h5 a4 20. Qb4 axb3 21. axb3 Qa5
22. Bd2 Qa1# 0-1